000 00806nam a22003017a 4500
001 BR9405470
003 BR-BrBNA
005 20230928094112.0
007 ta
008 230509b bl.||||| |||| 00| 0 por d
040 _aBR-BrBNA
_bpor
_cBiblioteca Nacional de Agricultura
041 _a(Por)
072 _aE11; E50; E14
090 _ E11 BR9405470
110 1 _aFundacao Milton Campos, Brasilia, DF (Brasil)
_94985
245 1 _aO homem e o campo
260 3 _aBrasilia, DF (Brasil):
_c1976.
300 _a685 p.
650 _aPolitica Agricola
650 _aReforma Agraria
650 _aEstatuto da Terra
650 _aUso da Terra
650 _aMigracao Rural
650 _aPolitica de Preco
650 _aAssistencia Tecnica
909 _a202309
_bLucia
_c55
_dLucia Elande
942 _cBK
999 _c48867
_d48867